00462nam a2200169Ia 4500001000900000003000500009005001700014008004100031010001100072040001800083100004600101245004900147260005700196300001000253500000800263650002100271dia_4050CHAP20251029153121.0220117s1984 xx 000 0 und d a170755 cCHAPamxchpua aSistema nacional para el abasto. México aMercados municipales, normas de planeación aMéxico :b Sistema nacional para el abasto,c1984 a32 p. aS/c aMercadosxNormas